ARRUPE JESUIT UNIVERSITY

CORONAVIRUS -STOP THE SPREAD - CLEAN,DISINFECT,COVER

Africa and other civilizations: (Record no. 93063)

MARC details
000 -LEADER
fixed length control field 00724nam a2200241Ia 4500
003 - CONTROL NUMBER IDENTIFIER
control field 0100
005 - DATE AND TIME OF LATEST TRANSACTION
control field 20170608141853.0
008 - FIXED-LENGTH DATA ELEMENTS--GENERAL INFORMATION
fixed length control field 130307s9999 xx 000 0 und d
020 ## - INTERNATIONAL STANDARD BOOK NUMBER
International Standard Book Number 1592210112 (pbk.)
040 ## - CATALOGING SOURCE
Transcribing agency ARRUPELIB
050 ## - LIBRARY OF CONGRESS CALL NUMBER
Classification number DT14.M386 2002
300 ## - PHYSICAL DESCRIPTION
Other physical details 485p. 24 cm.
100 ## - MAIN ENTRY--PERSONAL NAME
Personal name Mazrui, Ali Al'Amin
9 (RLIN) 32361
245 ## - TITLE STATEMENT
Title Africa and other civilizations:
Remainder of title conquest and counter-conquest
260 ## - PUBLICATION, DISTRIBUTION, ETC. (IMPRINT)
Name of publisher, distributor, etc Africa World Press
Place of publication, distribution, etc New Jersey
Date of publication, distribution, etc 2002.
300 ## - PHYSICAL DESCRIPTION
Extent x
440 ## - SERIES STATEMENT/ADDED ENTRY--TITLE
Title Classic authors and texts on Africa ;Collected essays of Ali A. Mazrui ;v. 2 Mazrui, Ali Al'Amin. Essays. v. 2.
9 (RLIN) 32362
650 ## - SUBJECT ADDED ENTRY--TOPICAL TERM
Topical term or geographic name as entry element Africa
General subdivision Civilization
9 (RLIN) 22754
650 ## - SUBJECT ADDED ENTRY--TOPICAL TERM
Topical term or geographic name as entry element Africa
General subdivision Foreign relations
9 (RLIN) 32363
650 ## - SUBJECT ADDED ENTRY--TOPICAL TERM
Topical term or geographic name as entry element Africa
General subdivision Civilization
-- Western influences
9 (RLIN) 32364
700 ## - ADDED ENTRY--PERSONAL NAME
Personal name Laremont, Ricardo RenÚ ; Kalouche, Fouad (ed)
9 (RLIN) 32365
942 00 - ADDED ENTRY ELEMENTS (KOHA)
Koha issues (borrowed), all copies 3
Source of classification or shelving scheme Library of Congress Classification
Koha item type Monograph ( Printed materials)
Holdings
Withdrawn status Lost status Source of classification or shelving scheme Damaged status Not for loan Collection code Home library Current library Shelving location Date acquired Total Checkouts Full call number Barcode Checked out Date last seen Date checked out Copy number Price effective from Koha item type
    Library of Congress Classification     Main Collection ARRUPE LIBRARY ARRUPE LIBRARY   07/03/2013 3 DT14.M386 2002 46003073902 05/05/2015 21/04/2015 21/04/2015 1 07/03/2013 Monograph ( Printed materials)
    Library of Congress Classification     Main Collection ARRUPE LIBRARY ARRUPE LIBRARY   07/03/2013 2 DT14.M386 2002 46003093458   05/03/2018 26/02/2018 2 07/03/2013 Monograph ( Printed materials)

 

Arrupe Library. PO Box MP320 Mt Pleasant, Harare, Zimbabwe
263 242 745411|librarian@aju.ac.zw